| 000 | 00391nam a2200145 4500 | ||
|---|---|---|---|
| 999 |
_c7813 _d7813 |
||
| 003 | OSt | ||
| 005 | 20200522111338.0 | ||
| 008 | 200522b ||||| |||| 00| 0 eng d | ||
| 020 | _a9789535110545 | ||
| 082 | _a624.176DAM | ||
| 100 | _aD'Amico Sebastiano | ||
| 245 |
_aEarthquake E research and analysis _bNew advances in seismology |
||
| 260 | _bIntech open science /open minds | ||
| 942 | _2ddc | ||